| 000 | 00498cas a22001935a 4500 | ||
|---|---|---|---|
| 001 | L104250 | ||
| 008 | 070618c1999 xxkbr p 0 a0eng u | ||
| 022 | 1 | _a1466-2531 | |
| 035 | _a(Sirsi) u104250 | ||
| 041 | 0 | _aeng | |
| 110 | 2 |
_aCountryside Agency _93740 |
|
| 245 | 0 | 0 | _aCountryside Focus |
| 260 |
_aCheltenham _bCountryside Agency _c1999- |
||
| 520 | _aKept for one year | ||
| 554 | _aSix per year | ||
| 651 | 4 |
_aEngland _y886- |
|
| 690 | _aPROPERTY-RURAL AND NATURAL ASSETS | ||
| 942 | _n0 | ||
| 999 |
_c118720 _d118720 |
||